000 00409nam a22001697a 4500
003 MPLRDC
005 20220104143252.0
008 210129b ||||| |||| 00| 0 eng d
082 _a870.57 LCM
100 _a李采靡编选
245 _a世界著名作家小说选
_c
250 _a初版
260 _a
_b香港上海书局
_c1958
300 _b
650 _a英文小说
942 _cBK
_o870.57 LCM
999 _c38254
_d38244